MARC details
| 000 -LEADER |
| fixed length control field |
01767cam a2200433 a 4500 |
| 001 - CONTROL NUMBER |
| control field |
132225 |
| 003 - CONTROL NUMBER IDENTIFIER |
| control field |
GBCCL |
| 005 - DATE AND TIME OF LATEST TRANSACTION |
| control field |
20241126110347.0 |
| 008 - FIXED-LENGTH DATA ELEMENTS--GENERAL INFORMATION |
| fixed length control field |
041213s2004 cou b 000 0 eng |
| 010 ## - |
| -- |
2004029437 |
| 020 ## - INTERNATIONAL STANDARD BOOK NUMBER |
| International Standard Book Number |
8173626987 |
| 020 ## - INTERNATIONAL STANDARD BOOK NUMBER |
| International Standard Book Number |
9780781441650 (pbk.) |
| 029 1# - |
| -- |
NZ1 |
| -- |
8694198 |
| 029 1# - |
| -- |
AU@ |
| -- |
000026481440 |
| 029 1# - |
| -- |
AU@ |
| -- |
000025533537 |
| 035 ## - SYSTEM CONTROL NUMBER |
| System control number |
(OCoLC)ocm54902831 |
| 035 ## - SYSTEM CONTROL NUMBER |
| System control number |
(OCoLC)54902831 |
| 040 ## - CATALOGING SOURCE |
| Original cataloging agency |
DLC |
| Transcribing agency |
DLC |
| Modifying agency |
BAKER |
| -- |
ITC |
| -- |
BTCTA |
| -- |
YDXCP |
| -- |
LBB |
| 049 ## - |
| -- |
LBBK |
| -- |
LBBA |
| 050 00 - |
| -- |
PS3552.R685434 |
| -- |
D3338 2004 |
| 082 00 - DEWEY DECIMAL CLASSIFICATION NUMBER |
| Classification number |
239 |
| Edition information |
22 |
| Item number |
GAR |
| 090 ## - LOCALLY ASSIGNED LC-TYPE CALL NUMBER (OCLC); LOCAL CALL NUMBER (RLIN) |
| Classification number (OCLC) (R) ; Classification number, CALL (RLIN) (NR) |
PS3552.R685434 |
| Local cutter number (OCLC) ; Book number/undivided call number, CALL (RLIN) |
D3338 2004 |
| 100 1# - MAIN ENTRY--PERSONAL NAME |
| Personal name |
Garlow, James L. |
| 9 (RLIN) |
723 |
| 245 10 - TITLE STATEMENT |
| Title |
Cracking Da Vinci's code / |
| Statement of responsibility, etc. |
James L. Garlow, Peter Jones. |
| 250 ## - EDITION STATEMENT |
| Edition statement |
1st Indian ed. |
| 260 ## - PUBLICATION, DISTRIBUTION, ETC. |
| Place of publication, distribution, etc. |
Secunderabad : |
| Name of publisher, distributor, etc. |
Authentic, |
| Date of publication, distribution, etc. |
2006 |
| 260 ## - PUBLICATION, DISTRIBUTION, ETC. |
| Place of publication, distribution, etc. |
Colorado Springs, Colo. : |
| Name of publisher, distributor, etc. |
Victor, |
| Date of publication, distribution, etc. |
c2004. |
| 300 ## - PHYSICAL DESCRIPTION |
| Extent |
252 p. ; |
| Dimensions |
22 cm. |
| 504 ## - BIBLIOGRAPHY, ETC. NOTE |
| Bibliography, etc. note |
Includes bibliographical references. |
| 505 00 - FORMATTED CONTENTS NOTE |
| Title |
The code that shook the world -- |
| -- |
God's second best idea -- |
| -- |
Women are more sacred and feminine than the "sacred feminine" -- |
| -- |
Jesus--who was he, really? -- |
| -- |
Who is revising history? -- |
| -- |
Don't shoot the canon -- |
| -- |
The Gnostic gospels vs. the New Testament gospels -- |
| -- |
Secret knowledge -- |
| -- |
The clash of the symbols -- |
| -- |
Cracking the code -- |
| -- |
Carrie's choice. |
| 600 10 - SUBJECT ADDED ENTRY--PERSONAL NAME |
| Personal name |
Brown, Dan, |
| Dates associated with a name |
1964- |
| Title of a work |
Da Vinci code. |
| 9 (RLIN) |
1253 |
| 600 00 - SUBJECT ADDED ENTRY--PERSONAL NAME |
| Personal name |
Mary Magdalene, |
| Titles and other words associated with a name |
Saint |
| General subdivision |
In literature. |
| 9 (RLIN) |
1254 |
| 600 00 - SUBJECT ADDED ENTRY--PERSONAL NAME |
| Personal name |
Jesus Christ |
| General subdivision |
In literature. |
| 9 (RLIN) |
1255 |
| 650 #0 - SUBJECT ADDED ENTRY--TOPICAL TERM |
| Topical term or geographic name entry element |
Christian saints in literature. |
| 9 (RLIN) |
1256 |
| 650 #0 - SUBJECT ADDED ENTRY--TOPICAL TERM |
| Topical term or geographic name entry element |
Christianity in literature. |
| 9 (RLIN) |
1257 |
| 700 1# - ADDED ENTRY--PERSONAL NAME |
| Personal name |
Jones, Peter, |
| Dates associated with a name |
1940- |
| 9 (RLIN) |
1258 |
| 856 41 - ELECTRONIC LOCATION AND ACCESS |
| Materials specified |
Table of contents |
| Uniform Resource Identifier |
<a href="http://www.loc.gov/catdir/toc/ecip055/2004029437.html">http://www.loc.gov/catdir/toc/ecip055/2004029437.html</a> |
| 942 ## - ADDED ENTRY ELEMENTS (KOHA) |
| Source of classification or shelving scheme |
Dewey Decimal Classification |
| Koha item type |
Books |
| Koha issues (borrowed), all copies |
10 |